00836cam a2200241 a 450000100090000000300040000900500170001300800410003001000170007102000250008802000220011304000130013505000220014810000260017024501230019625000120031926000370033130000280036850000350039650400510043165000680048273000440055014689435OSt20161129094125.0070109s2006 nyu b 001 0 eng  a 2007270818 a9780393927085 (pbk.) a0393927083 (pbk.) aDLCcDLC00aPR51.U5bA73 20061 aArchimedes, Sondra M.10aTeaching with the Norton anthology of English literature :ba guide for instructors /cSondra Archimedes ... [et al.]. a8th ed. aNew York :bW.W. Norton,cc2006. axxiii, 774 p. ;c24 cm. a"Major Authors 8th ed"--Cover. aIncludes bibliographical references and index. 0aEnglish literaturexStudy and teaching (Higher)zUnited States.0 aNorton anthology of English literature.